Культура семейных отношений: Сборник статей

Bibliographic Details
Language:Russian
Published: Москва, Знание, 1985
Edition:2-е изд., доп. и перераб.
Subjects:
Format: Book
KOHA link:https://koha.lib.tpu.ru/cgi-bin/koha/opac-detail.pl?biblionumber=20413

MARC

LEADER 00000nam0a2200000 4500
001 20413
005 20231030192048.0
035 |a (RuTPU)RU\TPU\book\20594 
035 |a BOOK00000033 
090 |a 20413 
100 |a 20011209d1985 k y0rusy50 ca 
101 0 |a rus 
102 |a RU 
105 |a y z 000zy 
200 1 |a Культура семейных отношений  |e Сборник статей 
205 |a 2-е изд., доп. и перераб. 
210 |a Москва  |c Знание  |d 1985 
215 |a 175 с. 
610 1 |a этика 
610 1 |a семья 
610 1 |a брак 
610 1 |a супружество 
610 1 |a культура 
686 |a Ю7  |v LBC/SL-A  |2 rubbk 
801 0 |a RU  |b 63413507  |c 20011209  |g PSBO 
801 2 |a RU  |b 63413507  |c 20110924  |g PSBO 
942 |c BK